[Event "GER-ch U25-B"]
[Site "Willingen"]
[Date "2019.06.14"]
[Round "8"]
[White "Tran, Minh Dat"]
[Black "Senechal, Niklas Bennet"]
[Result "1/2-1/2"]
[WhiteElo "1573"]
[BlackElo "1470"]
[PlyCount "81"]
[EventDate "2019.06.08"]
[EventType "swiss"]
[EventRounds "9"]
[EventCountry "GER"]
[SourceTitle "CBM 191 Extra"]
[Source "ChessBase"]
[SourceDate "2019.09.30"]
[SourceVersion "1"]
[SourceVersionDate "2019.09.30"]
[SourceQuality "1"]

1. c4 c6 2. d4 d5 3. Nc3 Nf6 4. Nf3 Bf5 5. Bf4 e6 6. e3 Bb4 7. Bd3 Ne4 8. Bxe4 Bxe4 9. 0-0 Bxc3 10. bxc3 dxc4 11. Ne5 b5 12. Qh5 0-0 13. f3 Bg6 14. Nxg6 hxg6 15. Qc5 Qd5 16. Qe7 Qd7 17. Qa3 Re8 18. e4 Qe7 19. Bd6 Qb7 20. Qa5 Nd7 21. e5 Nb6 22. Rfb1 Nd5 23. a4 a6 24. Ra2 Qb6 25. Qxb6 Nxb6 26. a5 Nd5 27. Rc2 Red8 28. Bc5 Rab8 29. g3 Rbc8 30. Kf2 Rd7 31. Ke2 Ne7 32. g4 g5 33. Rh1 f6 34. Bxe7 Rxe7 35. h4 fxe5 36. dxe5 Rd7 37. hxg5 g6 38. f4 Rd3 39. Rf1 Rf8 40. Rd2 Rd5 41. Rxd5 1/2-1/2

[Event "GER-ch U25-B"]
[Site "Willingen"]
[Date "2019.06.12"]
[Round "5"]
[White "Thumm, Felix"]
[Black "Tran, Minh Dat"]
[Result "1-0"]
[WhiteElo "1836"]
[BlackElo "1573"]
[PlyCount "79"]
[EventDate "2019.06.08"]
[EventType "swiss"]
[EventRounds "9"]
[EventCountry "GER"]
[SourceTitle "CBM 191 Extra"]
[Source "ChessBase"]
[SourceDate "2019.09.30"]
[SourceVersion "1"]
[SourceVersionDate "2019.09.30"]
[SourceQuality "1"]

1. d4 g6 2. e4 Bg7 3. Nc3 c6 4. f3 d5 5. Be3 e6 6. Qd2 b6 7. 0-0-0 Ba6 8. h4 Bxf1 9. Rxf1 h5 10. Nge2 Nh6 11. Bg5 f6 12. Bf4 Nd7 13. Qd3 Nf8 14. Re1 Nf7 15. Bg3 Bh6+ 16. Kb1 Qd7 17. exd5 cxd5 18. Bf4 0-0-0 19. Qa6+ Qb7 20. Qb5 Qd7 21. Bxh6 Rxh6 22. Nf4 g5 23. hxg5 Nxg5 24. Rxh5 Rxh5 25. Nxh5 Qxb5 26. Nxb5 a6 27. Nc3 Nd7 28. f4 Rh8 29. Ng3 Ne4 30. Ngxe4 dxe4 31. Nxe4 f5 32. Ng5 Nf8 33. b3 Kd7 34. d5 exd5 35. Re5 Rh1+ 36. Kb2 Ng6 37. Rxd5+ Kc7 38. Rxf5 Rg1 39. Rf7+ Kc8 40. Rf6 1-0

[Event "GER-ch U25-B"]
[Site "Willingen"]
[Date "2018.05.26"]
[Round "9"]
[White "Zell, Hannah"]
[Black "Tran, Minh Dat"]
[Result "1-0"]
[WhiteElo "1603"]
[BlackElo "1337"]
[PlyCount "71"]
[EventDate "2018.05.19"]
[EventType "swiss"]
[EventRounds "9"]
[EventCountry "GER"]
[SourceTitle "CBM 184 Extra"]
[Source "ChessBase"]
[SourceDate "2018.06.28"]
[SourceVersion "1"]
[SourceVersionDate "2018.06.28"]
[SourceQuality "1"]

1. e4 e5 2. Nf3 Nc6 3. Bc4 Bc5 4. b4 Bxb4 5. c3 Ba5 6. d4 exd4 7. 0-0 Nge7 8. Ng5 Ne5 9. Nxf7 Nxf7 10. Bxf7+ Kxf7 11. Qh5+ Ng6 12. Qxa5 dxc3 13. Nxc3 c6 14. Qf5+ Qf6 15. Qxf6+ gxf6 16. Ba3 b6 17. Bd6 Ba6 18. Rfd1 Rhe8 19. Rd2 Re6 20. Rad1 Ke8 21. f4 Kf7 22. f5 Rxd6 23. fxg6+ hxg6 24. Rxd6 Bc8 25. Rf1 f5 26. exf5 gxf5 27. Rxf5+ Ke7 28. Rdf6 a5 29. Rf7+ Ke8 30. Rf8+ Ke7 31. R5f7+ Ke6 32. Rf6+ Ke7 33. h4 d5 34. Nd1 c5 35. h5 c4 36. Rf4 1-0

[Event "GER-ch U25-B"]
[Site "Willingen"]
[Date "2018.05.23"]
[Round "5"]
[White "Poggemann, Alexander"]
[Black "Tran, Minh Dat"]
[Result "1/2-1/2"]
[WhiteElo "1595"]
[BlackElo "1337"]
[PlyCount "53"]
[EventDate "2018.05.19"]
[EventType "swiss"]
[EventRounds "9"]
[EventCountry "GER"]
[SourceTitle "CBM 184 Extra"]
[Source "ChessBase"]
[SourceDate "2018.06.28"]
[SourceVersion "1"]
[SourceVersionDate "2018.06.28"]
[SourceQuality "1"]

1. e4 c5 2. c3 Nc6 3. d4 cxd4 4. cxd4 d6 5. Nc3 g6 6. Nf3 Bg7 7. Be3 Bg4 8. Be2 Bxf3 9. Bxf3 Nf6 10. 0-0 0-0 11. a3 e6 12. Rc1 d5 13. e5 Nd7 14. Be2 Nb6 15. f4 f6 16. g3 fxe5 17. fxe5 Rxf1+ 18. Qxf1 Qe7 19. Qg2 Rf8 20. Rf1 Rxf1+ 21. Qxf1 Na5 22. Kg2 Nac4 23. Bc1 a6 24. b3 Na5 25. b4 Nc6 26. Be3 Nd8 27. Qc1 1/2-1/2

[Event "GER-ch U25-B"]
[Site "Willingen"]
[Date "2018.05.23"]
[Round "6"]
[White "Tran, Minh Dat"]
[Black "Reyher, Susan"]
[Result "1-0"]
[WhiteElo "1337"]
[BlackElo "1614"]
[PlyCount "105"]
[EventDate "2018.05.19"]
[EventType "swiss"]
[EventRounds "9"]
[EventCountry "GER"]
[SourceTitle "CBM 184 Extra"]
[Source "ChessBase"]
[SourceDate "2018.06.28"]
[SourceVersion "1"]
[SourceVersionDate "2018.06.28"]
[SourceQuality "1"]

1. c4 e5 2. Nc3 Nf6 3. d3 d5 4. cxd5 Nxd5 5. Nf3 Nc6 6. g3 Nb6 7. Bg2 Be7 8. 0-0 Be6 9. Bd2 0-0 10. a3 Qd7 11. b4 f6 12. Re1 Rab8 13. Ne4 Nd4 14. Nxd4 Qxd4 15. Be3 Qd7 16. Nc5 Bxc5 17. Bxc5 Rfd8 18. a4 a6 19. Bxb6 cxb6 20. Rb1 b5 21. axb5 Qxb5 22. Qd2 Bd5 23. Rec1 Bxg2 24. Kxg2 Qd5+ 25. Kg1 e4 26. Rc5 Qe6 27. d4 Rbc8 28. Rbc1 Rxc5 29. Rxc5 Qd6 30. e3 b6 31. Rc4 Ra8 32. Qc2 Re8 33. Qa2 Qe6 34. Qxa6 Qg4 35. Rc1 Qe6 36. Qc4 Kf7 37. Qxe6+ Rxe6 38. Kg2 Re7 39. Rc6 Rb7 40. f3 f5 41. fxe4 fxe4 42. g4 Ke7 43. Kg3 g5 44. Rh6 Kf8 45. h4 gxh4+ 46. Kxh4 b5 47. Kg5 Rf7 48. Rf6 h6+ 49. Kg6 Rxf6+ 50. Kxf6 Kg8 51. Kf5 Kf7 52. Kxe4 Ke6 53. d5+ 1-0

[Event "GER-ch U25-B"]
[Site "Willingen"]
[Date "2018.05.22"]
[Round "4"]
[White "Tran, Minh Dat"]
[Black "Reuter, Maximilian"]
[Result "1-0"]
[WhiteElo "1337"]
[BlackElo "1518"]
[PlyCount "55"]
[EventDate "2018.05.19"]
[EventType "swiss"]
[EventRounds "9"]
[EventCountry "GER"]
[SourceTitle "CBM 184 Extra"]
[Source "ChessBase"]
[SourceDate "2018.06.28"]
[SourceVersion "1"]
[SourceVersionDate "2018.06.28"]
[SourceQuality "1"]

1. c4 e5 2. Nc3 Nc6 3. g3 f5 4. Bg2 Nf6 5. e3 Bc5 6. Nge2 d6 7. 0-0 Be6 8. d3 Qd7 9. d4 Bxd4 10. exd4 Bxc4 11. dxe5 Nxe5 12. b3 Ba6 13. f4 Neg4 14. Re1 0-0-0 15. Nd4 h5 16. h3 Nh6 17. b4 c6 18. a4 c5 19. b5 Rhe8 20. Nc2 Ne4 21. Nxe4 fxe4 22. bxa6 b6 23. Bb2 g6 24. Rxe4 Rxe4 25. Bxe4 Qxh3 26. Bg2 Qxg3 27. Qd5 Kd7 28. Re1 1-0

[Event "GER-ch U12"]
[Site "Willingen"]
[Date "2017.06.09"]
[Round "9"]
[White "Ljuca, Rijad"]
[Black "Tran, Minh Dat"]
[Result "1/2-1/2"]
[WhiteElo "1465"]
[BlackElo "1403"]
[PlyCount "78"]
[EventDate "2017.06.04"]
[EventType "swiss"]
[EventRounds "11"]
[EventCountry "GER"]
[SourceTitle "CBM 178 Extra"]
[Source "ChessBase"]
[SourceDate "2017.06.22"]
[SourceVersion "1"]
[SourceVersionDate "2017.06.22"]
[SourceQuality "1"]

1. d4 d5 2. c4 c6 3. Nc3 e6 4. Nf3 Nf6 5. Bg5 Be7 6. e3 h6 7. Bh4 b6 8. cxd5 cxd5 9. Qc2 Bd7 10. Ne5 0-0 11. Bb5 Bxb5 12. Nxb5 a6 13. Nc3 Nfd7 14. Bxe7 Qxe7 15. Nxd7 Nxd7 16. 0-0 Rac8 17. Qd3 b5 18. Rfe1 Qb4 19. Rab1 Qc4 20. Qxc4 dxc4 21. d5 Nc5 22. dxe6 Nxe6 23. Ne4 Rfd8 24. Rbd1 Rxd1 25. Rxd1 Rd8 26. Rxd8+ Nxd8 27. Kf1 Kf8 28. Ke2 Ke7 29. Kd2 f5 30. Ng3 g6 31. Kc3 Kd7 32. Kb4 Kc6 33. Ne2 Kb6 34. Nd4 Nc6+ 35. Nxc6 Kxc6 36. Ka5 Kc5 37. a3 g5 38. f3 h5 39. Kxa6 b4 1/2-1/2

[Event "GER-ch U12"]
[Site "Willingen"]
[Date "2017.06.05"]
[Round "4"]
[White "Weidenhoefer, Max"]
[Black "Tran, Minh Dat"]
[Result "1-0"]
[WhiteElo "1514"]
[BlackElo "1403"]
[PlyCount "79"]
[EventDate "2017.06.04"]
[EventType "swiss"]
[EventRounds "11"]
[EventCountry "GER"]
[SourceTitle "CBM 178 Extra"]
[Source "ChessBase"]
[SourceDate "2017.06.22"]
[SourceVersion "1"]
[SourceVersionDate "2017.06.22"]
[SourceQuality "1"]

1. e4 c5 2. Nc3 Nc6 3. Bb5 g6 4. Bxc6 bxc6 5. f4 Bg7 6. Nf3 d6 7. d3 Bg4 8. 0-0 Qb6 9. Kh1 Nf6 10. Qe1 0-0 11. Qh4 Bxf3 12. Rxf3 e6 13. Rh3 Qd8 14. g4 h5 15. g5 Nh7 16. f5 exf5 17. exf5 Be5 18. Ne4 Rb8 19. Rb1 Bd4 20. Ng3 Bf2 21. Bd2 Bxg3 22. hxg3 d5 23. g4 d4 24. Kg1 Qd5 25. f6 Qe5 26. gxh5 gxh5 27. Qxh5 Qf5 28. Qh6 Qg6 29. Kg2 Qxh6 30. Rxh6 Rfe8 31. Kf3 Re6 32. Rbh1 Nxf6 33. gxf6 Rxf6+ 34. Rxf6 Kg7 35. Rfh6 Rxb2 36. Rg1+ Kf8 37. Bg5 Ke8 38. Re1+ Kf8 39. Bf6 Rxc2 40. Rh8# 1-0

[Event "GER-ch U25-B"]
[Site "Willingen"]
[Date "2016.05.20"]
[Round "8"]
[White "Tran, Minh Dat"]
[Black "Reuker, Ronja"]
[Result "0-1"]
[WhiteElo "1258"]
[BlackElo "1132"]
[PlyCount "56"]
[EventDate "2016.05.15"]
[EventType "swiss"]
[EventRounds "9"]
[EventCountry "GER"]
[SourceTitle "CBM 172 Extra"]
[Source "ChessBase"]
[SourceDate "2016.06.21"]
[SourceVersion "1"]
[SourceVersionDate "2016.06.21"]
[SourceQuality "1"]

1. e4 e5 2. Nf3 Nc6 3. Bc4 Nf6 4. Ng5 d5 5. exd5 b5 6. Bxb5 Qxd5 7. Bxc6+ Qxc6 8. 0-0 Bb7 9. Nf3 Bc5 10. Qe2 e4 11. Ne5 Qd5 12. Nc3 Qxe5 13. Qb5+ Ke7 14. Qxb7 Rhb8 15. Qc6 Rb6 16. Qa4 Rb4 17. Qa6 Re8 18. a3 Ng4 19. g3 Rb6 20. Qc4 Kf8 21. Qd5 Rh6 22. Qxe5 Rxe5 23. h4 Rf6 24. Nd1 Ref5 25. b4 Bxf2+ 26. Nxf2 Rxf2 27. Bb2 R6f3 28. Rad1 Rxg3+ 0-1